Lines from a song - 5. Too Hard - Statistics

General Stats
  • This quiz has been taken 9 times
  • The average score is 2 of 16
Answer Stats
Line Song / Band % Correct
"...In the year 3535Ain't gonna need to tell the truth, tell no lies Everything you think, do, and say Is in the pills you took today..." In the Year 2525 / Zager and Evans
56%
"...Here's my story, it's sad but trueIt's about a girl that I once knew She took my love then ran around With every single guy in town...." Runaround Sue / Dion (DiMucci)
56%
"...Well, I've been down so very damn longThat it looks like up to me Yeah, why don't one you people C'mon, c'mon, c'mon and set me free..." Been Down So Long / The Doors
44%
"...With your feet on the airAnd your head on the ground Try this trick and spin it, yeah Your head'll collapse And there's nothing in it And you'll ask yourself..." Where Is My Mind? / Pixies
11%
"...And the northern lights commenced to glowAnd she said, with a tear in her eye Watch out where the huskies go, and don't you eat that..." Don't Eat the Yellow Snow / Frank Zappa
0%
"...I treat my enemies like friendsSo I can reach out and touch Leave'em in the dust at the very end You now tuned in to Hennessy and Gin Ice cold Heinekens and down for whatever skins..." Enemies & Friends / Xzibit
0%
"...Close your eyes but stay awakeThey are trying to crawl inside your head Wish I could end this all today But like all good, our hope fades away..." Falling World / Swallow the Sun
0%
"...It's so safe to play alongLittle soldiers in a row Falling in and out of love Something sweet to throw away I want something good to die for To make it beautiful to live..." Go with the Flow / Queens of the Stone Age
0%
"...Tell me you love meI will understand Tell me you need me Take me by the hand This is the first time I have felt this way Love is the grooviest thing up 'til now in the world..." It's a Happening Thing / The Peanut Butter Conspiracy
0%
"...Like some finger waves on payday, my lady you won't get paidMaking an early morning serenade for you to start your day Or the sound of a starter pistol fired close to where you lay Last call for alcohol make a fast call for the hay..." Last Call / OutKast
0%
"...There was a flash of lightning followed by snow'Twas just the moment of change before years of sorrow The shock and awe, the fright and woe I only had one life to live, and life said NO..." Lightning & Snow / Woods of Ypres
0%
"...Life is hardAnd so am I You'd better give me Something so I don't die..." Novocaine for the Soul / Eels
0%
"...Fire bleeding from this picture of youHide from this unpleasant I'd give you the ashes Only I could find one reason to trust in you..." Phantom Pain / Leprous
0%
"...The day you went awayYou had to screw me over I guess you didn't know all the stuff you left me with is way too much to handle But I guess you don't care..." Saturnine / The Gathering
0%
"...Your loss of mind has come and calledYour dissolution, view of why You'll find no dignity upon the day you die When you die Oh, yeah In the end, We find what's true..." Suffering Overdue / Black Label Society
0%
"...So don't let the world bring you downNot everyone here is that ???ked up and cold Remember why you came and while you're alive Experience _ _ before you grow old..." The Warmth / Incubus
0%
No matching quizzes found
Score Distribution
Percent of People with Each Score
Percentile by Number Answered
Your Score History
You have not taken this quiz